| 000 | 00590nam a2200193 4500 | ||
|---|---|---|---|
| 001 | 123219 | ||
| 003 | ES-MaACL | ||
| 005 | 20230906192131.0 | ||
| 007 | t| | ||
| 008 | 070214s1955 sp r ||||0| spa d | ||
| 245 | 0 | 0 |
_aPsicología y pastoral / _ctraducción de Javier Goitia. |
| 260 |
_aBilbao : _bDesclée de Brouwer, _c1955. |
||
| 300 |
_a203 p ; _c19 cm. |
||
| 490 | 1 |
_aBiblioteca de estudios pastorales ; _v9 |
|
| 700 | 1 |
_aGoitia, Javier. _957626 |
|
| 830 | 0 |
_aBiblioteca de estudios pastorales ; _v9 _9181669 |
|
| 852 |
_aES-MaACL _jC-10013 _bR.38181 |
||
| 999 |
_c123219 _d123219 |
||